000 00466nam a2200181 a 4500
001 6895
003 CO-ViMGA
008 141112s2004 ck r 000 u spa d
040 _aCO-ViMGA
_bspa
_cCO-ViMGA
082 0 4 _a909.202 C172
100 1 _aCárdenas Tabares, Fabio
_95897
245 1 0 _aProyectos turisticos :
_blocalizacion e inversión
260 _aMexico :
_bTrillas,
_c1991
300 _a180 p
490 _aTurismo
650 1 4 _aTURISMO
942 _2ddc
_cBK
999 _c18863
_d18863